| 000 | 00682nam a2200181 a 4500 | ||
|---|---|---|---|
| 008 | 090105s2002 ||||||||||||||||| || u | ||
| 020 | _a0764548956 | ||
| 050 | _aTK 5102.3 Ste | ||
| 100 | _aSteward, Winston | ||
| 245 | 1 | 0 |
_aWireless devices end to end _cWinston Steward and Bill Mann |
| 260 |
_aNew York _bHungry Minds _c2002 |
||
| 300 | _axxii, 337p.: ill. | ||
| 350 | _a0.00 | ||
| 650 | 7 |
_aTECHNOLOGY _2fast |
|
| 650 | _aWIRELESS COMMUNICATION SYSTEMS--EQUIPMENT AND SUPPLIES | ||
| 700 | _aMann, Bill | ||
| 995 |
_D0.00 _FCBU-MAIN LIBRARY (Kitwe) _H1 _I0.00 _M1 _UAVAILABLE _WMar 20, 2009 _ZMain Library Open Access Collection |
||
| 999 |
_c61809 _d61809 |
||